<?xml version="1.0" encoding="UTF-8"?>
<record
    xmlns:xsi="http://www.w3.org/2001/XMLSchema-instance"
    xsi:schemaLocation="http://www.loc.gov/MARC21/slim http://www.loc.gov/standards/marcxml/schema/MARC21slim.xsd"
    xmlns="http://www.loc.gov/MARC21/slim">

  <leader>00460nam a22001817a 4500</leader>
  <controlfield tag="005">20230118104453.0</controlfield>
  <controlfield tag="008">210301b           ||||| |||| 00| 0 eng d</controlfield>
  <datafield tag="020" ind1=" " ind2=" ">
    <subfield code="a">9788137173770</subfield>
  </datafield>
  <datafield tag="041" ind1=" " ind2=" ">
    <subfield code="a">eng</subfield>
  </datafield>
  <datafield tag="082" ind1=" " ind2=" ">
    <subfield code="a">545 SIV-Q</subfield>
  </datafield>
  <datafield tag="100" ind1=" " ind2=" ">
    <subfield code="a">SIVASANKAR , B AND SVEHAL G</subfield>
    <subfield code="9">6447</subfield>
  </datafield>
  <datafield tag="245" ind1=" " ind2=" ">
    <subfield code="a">VOGEL'S QUALITATIVE INORGANICS ANALYSIS</subfield>
  </datafield>
  <datafield tag="250" ind1=" " ind2=" ">
    <subfield code="a">7'TH</subfield>
  </datafield>
  <datafield tag="260" ind1=" " ind2=" ">
    <subfield code="a">INDIA</subfield>
    <subfield code="b">PEARSON</subfield>
    <subfield code="c">2019</subfield>
  </datafield>
  <datafield tag="300" ind1=" " ind2=" ">
    <subfield code="e">372,P.</subfield>
  </datafield>
  <datafield tag="650" ind1=" " ind2=" ">
    <subfield code="a">PHARMACY</subfield>
    <subfield code="x">D.PHARMACY</subfield>
    <subfield code="9">7458</subfield>
  </datafield>
  <datafield tag="942" ind1=" " ind2=" ">
    <subfield code="c">BK</subfield>
  </datafield>
  <datafield tag="999" ind1=" " ind2=" ">
    <subfield code="c">7494</subfield>
    <subfield code="d">7492</subfield>
  </datafield>
  <datafield tag="952" ind1=" " ind2=" ">
    <subfield code="0">0</subfield>
    <subfield code="1">0</subfield>
    <subfield code="4">0</subfield>
    <subfield code="7">0</subfield>
    <subfield code="8">REF</subfield>
    <subfield code="a">JRU</subfield>
    <subfield code="b">JRU</subfield>
    <subfield code="c">SHELF - 10 - A</subfield>
    <subfield code="d">2021-03-01</subfield>
    <subfield code="e">UNNATI PUBLICATION  PURCHASE 1908-/17-02-2021</subfield>
    <subfield code="g">669.00</subfield>
    <subfield code="l">0</subfield>
    <subfield code="o">545 SIV-Q</subfield>
    <subfield code="p">25701</subfield>
    <subfield code="r">2021-03-01 00:00:00</subfield>
    <subfield code="w">2021-03-01</subfield>
    <subfield code="y">BK</subfield>
  </datafield>
  <datafield tag="952" ind1=" " ind2=" ">
    <subfield code="0">0</subfield>
    <subfield code="1">0</subfield>
    <subfield code="4">0</subfield>
    <subfield code="7">0</subfield>
    <subfield code="8">PHARMACY</subfield>
    <subfield code="a">JRU</subfield>
    <subfield code="b">JRU</subfield>
    <subfield code="c">SHELF-20-E</subfield>
    <subfield code="d">2021-03-01</subfield>
    <subfield code="e">UNNATI PUBLICATION  PURCHASE 1908-/17-02-2021</subfield>
    <subfield code="g">669.00</subfield>
    <subfield code="l">1</subfield>
    <subfield code="o">545 SIV-Q</subfield>
    <subfield code="p">25702</subfield>
    <subfield code="r">2025-11-13 11:19:07</subfield>
    <subfield code="s">2025-07-18</subfield>
    <subfield code="w">2021-03-01</subfield>
    <subfield code="y">BK</subfield>
  </datafield>
  <datafield tag="952" ind1=" " ind2=" ">
    <subfield code="0">0</subfield>
    <subfield code="1">0</subfield>
    <subfield code="4">0</subfield>
    <subfield code="7">0</subfield>
    <subfield code="8">PHARMACY</subfield>
    <subfield code="a">JRU</subfield>
    <subfield code="b">JRU</subfield>
    <subfield code="c">SHELF-17-E</subfield>
    <subfield code="d">2021-03-01</subfield>
    <subfield code="e">UNNATI PUBLICATION  PURCHASE 1908-/17-02-2021</subfield>
    <subfield code="g">669.00</subfield>
    <subfield code="l">0</subfield>
    <subfield code="o">545 SIV-Q</subfield>
    <subfield code="p">25703</subfield>
    <subfield code="r">2021-03-01 00:00:00</subfield>
    <subfield code="w">2021-03-01</subfield>
    <subfield code="y">BK</subfield>
  </datafield>
  <datafield tag="952" ind1=" " ind2=" ">
    <subfield code="0">0</subfield>
    <subfield code="1">0</subfield>
    <subfield code="4">0</subfield>
    <subfield code="7">0</subfield>
    <subfield code="8">PHARMACY</subfield>
    <subfield code="a">JRU</subfield>
    <subfield code="b">JRU</subfield>
    <subfield code="c">SHELF-17-E</subfield>
    <subfield code="d">2021-03-01</subfield>
    <subfield code="e">UNNATI PUBLICATION  PURCHASE 1908-/17-02-2021</subfield>
    <subfield code="g">669.00</subfield>
    <subfield code="l">0</subfield>
    <subfield code="o">545 SIV-Q</subfield>
    <subfield code="p">25704</subfield>
    <subfield code="r">2021-03-01 00:00:00</subfield>
    <subfield code="w">2021-03-01</subfield>
    <subfield code="y">BK</subfield>
  </datafield>
  <datafield tag="952" ind1=" " ind2=" ">
    <subfield code="0">0</subfield>
    <subfield code="1">0</subfield>
    <subfield code="4">0</subfield>
    <subfield code="7">0</subfield>
    <subfield code="8">PHARMACY</subfield>
    <subfield code="a">JRU</subfield>
    <subfield code="b">JRU</subfield>
    <subfield code="c">SHELF-17-E</subfield>
    <subfield code="d">2021-03-01</subfield>
    <subfield code="e">UNNATI PUBLICATION  PURCHASE 1908-/17-02-2021</subfield>
    <subfield code="g">669.00</subfield>
    <subfield code="l">0</subfield>
    <subfield code="o">545 SIV-Q</subfield>
    <subfield code="p">25705</subfield>
    <subfield code="r">2021-03-01 00:00:00</subfield>
    <subfield code="w">2021-03-01</subfield>
    <subfield code="y">BK</subfield>
  </datafield>
</record>
